000
00268nam a22001097a 4500
041
_a
ENG
245
_a
Commonwealth Universities Yerbook 1992 Vol 3
260
_a
Pune
_b
The Association Of Commonwealth Univesties
_c
1992
300
_a
2593
650
_a
GAE
856
_u
GAE
999
_c
660
_d
660